La educación en la encrucijada: escrutinio político y gobierno de la enseñanza /
El presente artículo aborda la situación de la educación uruguaya, señalando los aspectos posicionados en el centro de la agenda política, así como las orientaciones y medidas a seguir, partiendo del nuevo horizonte que coloca la Ley de Educación, la cual hace notorio varios programas tales como &qu...
Đã lưu trong:
| Tác giả chính: | |
|---|---|
| Tác giả khác: | |
| Định dạng: | Texto |
| Những chủ đề: | |
| Các nhãn: |
Thêm thẻ
Không có thẻ, Là người đầu tiên thẻ bản ghi này!
|
MARC
| LEADER | 00000 a a2200000 04500 | ||
|---|---|---|---|
| 001 | 45715 | ||
| 003 | |||
| 040 | |a CRAI/IIS |c CRAI/IIS | ||
| 100 | |a Bentancur, Nicolás | ||
| 245 | |a La educación en la encrucijada: |b escrutinio político y gobierno de la enseñanza / |c Nicolás Bentancur, María Ester Mancebo | ||
| 520 | |a El presente artículo aborda la situación de la educación uruguaya, señalando los aspectos posicionados en el centro de la agenda política, así como las orientaciones y medidas a seguir, partiendo del nuevo horizonte que coloca la Ley de Educación, la cual hace notorio varios programas tales como "Compromiso Educativo", "Aprender" e "Impulso a la Inclusión Académica". | ||
| 590 | |a AMB/JUNIO2014 | ||
| 650 | |a GOBIERNO | ||
| 650 | |a POLITICAS PUBLICAS | ||
| 650 | |a EDUCACION | ||
| 650 | |a URUGUAY | ||
| 700 | |a Mancebo, María Ester | ||
| 773 | |g páginas 124-130 | ||
| 999 | |c 18405 |d 18405 | ||
